000 00693nam a2200217 a 4500
001 71074
003 BD-RjUL
005 20211209082056.0
008 170424s1976 bg a|||| |||| 00| 0 ben d
035 _a(BD-RjUL)71289
040 _aBD-RjUL
_beng
_cBD-RjUL
041 _aeng
082 _223
_a629.227
_bALS 1976
100 1 _aআলী, শওকত
_9123212
245 1 0 _aসাইকেল এলো কেমন করে /
_cশওকত আলী
260 _aঢাকা :
_bমুক্তধারা,
_c১৯৭৬
300 _a২২ পৃ. :
_bচিত্র. ;
_c২২ সেমি.
650 _aসাইকেল
_9210293
650 _aCycles.
_9210294
942 _2ddc
_cBK
999 _c71074
_d71074